Statistiken für Alle Minderheiten von Frankreich

Klicken Sie hier um das Quiz zu spielen!

Allgemein

  • Dieses Quiz wurde 52 mal gespielt
  • Das Durchschnittsergebnis liegt bei 21 aus 30

Antwortstatistiken

BevölkerungLand% Korrekt
115,100Deutschland
100%
247,700Spanien
98%
145,900Vereinigtes Königreich
98%
89,400Polen
96%
771,300Marokko
94%
618,200Portugal
92%
69,800Russland
92%
823,500Algerien
90%
58,500Schweiz
90%
119,000Belgien
88%
283,800Tunesien
85%
286,500Italien
83%
105,700China
81%
105,900Senegal
81%
246,300Türkei
79%
125,600Rumänien
75%
94,400Elfenbeinküste
71%
78,600Mali
69%
61,000Brasilien
67%
85,100Demokratische Republik Kongo
67%
68,500Republik Kongo
67%
84,800Kamerun
63%
75,700Vietnam
63%
79,700Serbien
56%
42,600Guinea
50%
73,400Madagaskar
35%
87,000Haiti
29%
49,900Kambodscha
27%
52,300Sri Lanka
15%
119,300Komoren
10%

Verteilung der Resultate

Perzentil nach korrekt beantworteten Fragen

Anzahl Personen mit jedem Resultat

Ihre Resultats-Entwicklung

Sie haben dieses Quiz noch nicht gespielt